Organization development made simple / (Record no. 17744)
[ view plain ]
| 000 -LEADER | |
|---|---|
| fixed length control field | 00676nam a22002777a 4500 |
| 003 - CONTROL NUMBER IDENTIFIER | |
| control field | OSt |
| 005 - DATE AND TIME OF LATEST TRANSACTION | |
| control field | 20140310182942.0 |
| 008 - FIXED-LENGTH DATA ELEMENTS--GENERAL INFORMATION | |
| fixed length control field | 130204t xxu||||| |||| 00| 0 eng d |
| 020 ## - INTERNATIONAL STANDARD BOOK NUMBER | |
| International Standard Book Number | 9789715536394 |
| 050 ## - LIBRARY OF CONGRESS CALL NUMBER | |
| Classification number | HD 58.8 |
| Item number | .Y68 2006 |
| 100 ## - MAIN ENTRY--PERSONAL NAME | |
| Personal name | Young, Felina C. |
| 245 ## - TITLE STATEMENT | |
| Title | Organization development made simple / |
| Statement of responsibility, etc | Felina C. Young. |
| 260 ## - PUBLICATION, DISTRIBUTION, ETC. (IMPRINT) | |
| Place of publication, distribution, etc | Quezon City : |
| Name of publisher, distributor, etc | Abiva Pub. House, |
| Date of publication, distribution, etc | 2006. |
| 300 ## - PHYSICAL DESCRIPTION | |
| Extent | 260 p. : |
| Other physical details | ill. ; |
| Dimensions | 26 cm. |
| 521 ## - TARGET AUDIENCE NOTE | |
| Target audience note | |
| 562 ## - COPY AND VERSION IDENTIFICATION NOTE | |
| Number of copies | 8 |
| 942 ## - ADDED ENTRY ELEMENTS (KOHA) | |
| Source of classification or shelving scheme | Library of Congress Classification |
| Koha item type | Books |
| Call number prefix | Local |
| Withdrawn status | Lost status | Source of classification or shelving scheme | Damaged status | Home library | Current library | Shelving location | Date acquired | Source of acquisition | Total Checkouts | Full call number | Barcode | Date last seen | Copy number | Price effective from | Koha item type | Total Renewals | Date checked out |
|---|---|---|---|---|---|---|---|---|---|---|---|---|---|---|---|---|---|
| Library of Congress Classification | Archives | Archives | 02/04/2013 | Donation | HD 58.8 .Y68 2006 | C10287 | 05/15/2018 | 1 | 02/04/2013 | Books | |||||||
| Library of Congress Classification | Archives | Archives | 12/05/2013 | Donation | HD 58.8 .Y68 2006 | C10286 | 05/15/2018 | 2 | 12/05/2013 | Books | |||||||
| Library of Congress Classification | Archives | Archives | 12/05/2013 | Donation | HD 58.8 .Y68 2006 | C8464 | 05/15/2018 | 5 | 12/05/2013 | Books | |||||||
| Library of Congress Classification | Archives | Archives | 12/05/2013 | Donation | HD 58.8 .Y68 2006 | C8465 | 05/15/2018 | 6 | 12/05/2013 | Books | |||||||
| Library of Congress Classification | Archives | Archives | 12/05/2013 | Donation | HD 58.8 .Y68 2006 | C8463 | 05/15/2018 | 7 | 12/05/2013 | Books | |||||||
| Library of Congress Classification | Archives | Archives | 12/05/2013 | Donation | HD 58.8 .Y68 2006 | C8462 | 05/15/2018 | 8 | 12/05/2013 | Books | |||||||
| Library of Congress Classification | College Library | College Library | General Circulation Section | 12/05/2013 | 2 | HD 58.8 .Y68 2006 | C11254 | 07/09/2020 | 3 | 12/05/2013 | Books | 10 | 02/17/2020 | ||||
| Library of Congress Classification | College Library | College Library | General Circulation Section | 12/05/2013 | HD 58.8 .Y68 2006 | C10288 | 05/15/2018 | 4 | 12/05/2013 | Books |